Differentiating rural areas in Uzbekistan and Slovakia and their classification

Rozlišovanie vidieckych oblastí v Uzbekistane a na Slovensku. Identifikácia rozdielov medzi vidieckymi oblasťami týchto krajín pri použití vidiecko-mestskej typológie, založenej na OECD metodológii. Vidiecke oblasti v týchto krajinách sú identifikované hlavne počtom populácie žijúcej v lokálnych vid...

Ausführliche Beschreibung

Gespeichert in:
Bibliographische Detailangaben
1. Verfasser: Ismailova, Aygul
Format: Buchkapitel
Sprache:Englisch
Schlagworte:
Tags: Tag hinzufügen
Keine Tags, Fügen Sie das erste Tag hinzu!

MARC

LEADER 00000naa a2200000 4500
001 0227524
005 20231013070926.3
041 0 |a eng 
044 |a SK 
245 1 0 |a Differentiating rural areas in Uzbekistan and Slovakia and their classification  |c Aygul Ismailova 
520 |a Rozlišovanie vidieckych oblastí v Uzbekistane a na Slovensku. Identifikácia rozdielov medzi vidieckymi oblasťami týchto krajín pri použití vidiecko-mestskej typológie, založenej na OECD metodológii. Vidiecke oblasti v týchto krajinách sú identifikované hlavne počtom populácie žijúcej v lokálnych vidieckych jednotkách. 
610 2 0 |a vidiek 
610 2 0 |a mestá 
610 2 0 |a diferenciácia regionálna 
610 2 0 |a typológia 
610 2 0 |a populácia 
610 2 0 |a Uzbekistan 
610 2 0 |a Slovensko 
100 1 |a Ismailova, Aygul